000 00759 a2200217 4500
010 _aENG-89307
020 _a8131303436
_c795.00
035 _aEN-72840
037 _bD.B.Act / Pub
082 1 4 _a634.99
090 _c10737
_d10737
245 1 _aAgroforestry-Indian perspective/
_cedited by L.K. Jha and P.K, Sen Sarma
260 _aNew Delhi
_bAPH Publishing Corporation
_c2008
270 _a4435-36/7, Ansari Road, Darya Ganj,
_bNew Delhi
_cDelhi
_e110002
_k23274050
_maphbook@vsnl.net
300 _ax, 341 p.
_c23 cm (Hb)
500 _aIncludes index
700 1 _aJha, L. K.
700 1 _aSen Sarma, P. K.
942 _adpl
_cEN
_k634.99 / AGR
999 _c10442
_d10442